New Canterbury tales / (Record no. 68892)

MARC details
000 -LEADER
campo de control de longitud fija 00707nam a2200217 i 4500
001 - NÚMERO DE CONTROL
campo de control 68892
003 - IDENTIFICADOR DE NÚMERO DE CONTROL
campo de control ES-MaACL
005 - FECHA Y HORA DE LA ÚLTIMA TRANSACCIÓN
campo de control 20230906170404.0
007 - CAMPO FIJO DE DESCRIPCIÓN FÍSICA--INFORMACIÓN GENERAL
campo de control de longitud fija t|
008 - DATOS DE LONGITUD FIJA--INFORMACIÓN GENERAL
campo de control de longitud fija 040723n19001910xxk ||||1| eng d
100 1# - ENTRADA PRINCIPAL--NOMBRE DE PERSONA
Nombre de persona Hewlett, Maurice.
9 (RLIN) 63515
245 10 - MENCIÓN DEL TÍTULO
Título New Canterbury tales /
Mención de responsabilidad, etc. by Maurice Hewlett ; illustrated by E. J. Sullivan.
260 ## - PUBLICACIÓN, DISTRIBUCIÓN, ETC.
Lugar de publicación, distribución, etc. London :
Nombre del editor, distribuidor, etc. The Amalgamated Press Limited,
Fecha de publicación, distribución, etc. [190?]
300 ## - DESCRIPCIÓN FÍSICA
Extensión 162 p., [3] h. de lám. ;
Dimensiones 22 cm.
490 1# - MENCIÓN DE SERIE
Mención de serie Daily Mail sixpenny novels ;
Designación de volumen o secuencia 27
500 ## - NOTA GENERAL
Nota general Ilustraciones fechadas en 1903.
700 1# - ENTRADA AGREGADA--NOMBRE PERSONAL
Nombre de persona Sullivan, Edmund J.
9 (RLIN) 108756
830 0# - PUNTO DE ACCESO ADICIONAL DE SERIE-TÍTULO UNIFORME
Título uniforme Daily Mail sixpenny novels ;
Designación de volumen o secuencia 27
9 (RLIN) 230967
852 ## - LOCALIZACIÓN
Ubicación ES-MaACL
Número de control de estantería C-3341
Holdings
Estatus retirado Estado de pérdida Estado de daño No para préstamo Colección Biblioteca de origen Biblioteca actual Ubicación en estantería Fecha de adquisición Fuente de adquisición Total de préstamos Signatura topográfica completa Código de barras Visto por última vez Precio de reemplazo Tipo de ítem Koha
        Libros del s. XIX Biblioteca del Ateneo de Madrid Biblioteca del Ateneo de Madrid Sala Palomar 17/01/2008     C-3341 1072140 23/02/2023 23/02/2023 Libro impreso antiguo